[Event "Matterhorn Challenge"]
[Site "SchemingMind.com"]
[Date "2010.07.23"]
[Round "-"]
[White "Nut"]
[Black "XTC"]
[Result "0-1"]
[WhiteCountry "USA"]
[BlackCountry "COL"]
[WhiteElo "1863"]
[WhiteRD "67"]
[BlackElo "1865"]
[BlackRD "61"]
[GameID "255387"]

1. e4 c5 2. Nf3 e6 3. Nc3 Nc6 4. g3 a6 5. Bg2 Qc7 6. O-O Nf6 7. d3 e5 8. Nd5 Nxd5 9. exd5 Ne7 10. Re1 d6
11. c4 Nf5 12. d4 cxd4 13. Nxd4 Qxc4 14. Nxf5 Bxf5 15. b3 Qd3 16. Bb2 Qxd1 17. Raxd1 f6 18. f4 O-O-O 19. fxe5 dxe5 20. Be4 Bc5+
21. Kh1 Bxe4+ 22. Rxe4 Bd6 23. Re2 Rd7 24. Kg2 Re8 25. Bd4 Ree7 26. Bb6 Kb8 27. g4 Re8 28. Rc2 h5 29. h3 e4 30. Kf2 hxg4
31. hxg4 g6 32. Bc5 Bxc5+ 33. Rxc5 e3+ 34. Kf3 Re5 35. Rc2 Rdxd5 36. Rxd5 Rxd5 37. Kxe3 f5 38. gxf5 gxf5 39. Rg2 Ka7 40. Rg7 Re5+
41. Kf4 Re2 42. Kxf5 Rxa2 43. Ke4= Rd2 44. Rg3 Kb6 45. Rd3 Rxd3 46. Kxd3 Kb5 47. Kc3 a5 48. Kb2 Kb4
0-1

[Event "Matterhorn Challenge"]
[Site "SchemingMind.com"]
[Date "2010.07.25"]
[Round "-"]
[White "Negrito19"]
[Black "XTC"]
[Result "0-1"]
[WhiteCountry "ARG"]
[BlackCountry "COL"]
[WhiteElo "1504"]
[WhiteRD "82"]
[BlackElo "1868"]
[BlackRD "64"]
[GameID "255388"]

1. e4 e5 2. Nf3 Nc6 3. Bb5 a6 4. Bxc6 dxc6 5. Nxe5 Qg5 6. Nf3 Qxg2 7. Rg1 Qh3 8. d4 Bg4 9. Nbd2 Nf6 10. Rg3 Qh5
11. e5 Nd5 12. Nc4 Bb4+ 13. Bd2 Bxd2+ 14. Ncxd2 O-O 15. c4 Ne7 16. Qb3 b5 17. O-O-O Nf5 18. Rgg1 bxc4 19. Qxc4 Bxf3 20. Nxf3 Qxf3
21. e6 Qf4+ 22. Rd2 Nh4 23. exf7+ Rxf7 24. Rg3 Nf3 25. Rxf3 Qxf3 26. h4 Qh1+ 27. Rd1 Qd5 28. Qxd5 cxd5 29. a3 Rxf2 30. h5 Re8
31. Rd3 Re1+ 32. Rd1 Ree2 33. a4 Rxb2 34. Rg1 Ra2 35. Kb1 Rxa4 36. Rc1 Rxd4 37. Rxc7 Rd1+ 38. Rc1 Rxc1+ 39. Kxc1 a5 40. Kb1 a4
41. Kc1 d4 42. Kd1 a3 43. Kc1 d3 44. Kb1 d2 45. Kc2 a2 46. Kd3 d1=Q+ 47. Ke3 Rf3+
0-1

[Event "Matterhorn Challenge"]
[Site "SchemingMind.com"]
[Date "2010.07.23"]
[Round "-"]
[White "kwabena"]
[Black "XTC"]
[Result "0-1"]
[WhiteCountry "ENG"]
[BlackCountry "COL"]
[WhiteElo "1527"]
[WhiteRD "72"]
[BlackElo "1865"]
[BlackRD "61"]
[GameID "255389"]

1. d4 d5 2. Bf4 e6 3. e3 Bd6 4. Bxd6 Qxd6 5. a3 Nf6 6. Nc3 O-O 7. Nf3 Nbd7 8. Bb5 c6 9. Ba4 b5 10. Bb3 Bb7
11. O-O a5 12. Qd2 Ba6 13. Rfe1 Ng4 14. h3 Ngf6 15. e4 dxe4 16. Nxe4 Nxe4 17. Rxe4 a4 18. Ba2 Bb7 19. Rh4 Nf6 20. c4 bxc4
21. Bxc4 c5 22. Qc2 Bxf3 23. gxf3 cxd4 24. Rd1 e5 25. f4 exf4 26. Qd2 g5 27. Rh6 Kg7 28. Rxf6 Kxf6 29. Qxd4+ Qxd4 30. Rxd4 Rad8
31. Re4 Rfe8 32. Rxe8 Rxe8 33. Bb5 Rb8 34. Bxa4 Rxb2 35. Bc6 Rc2 36. Bb5 Rc3 37. a4 Rxh3 38. Kg2 Ra3 39. Bc6 h5 40. Kf1 g4
0-1

[Event "Matterhorn Challenge"]
[Site "SchemingMind.com"]
[Date "2010.07.23"]
[Round "-"]
[White "Clive Everill"]
[Black "XTC"]
[Result "0-1"]
[WhiteCountry "CZE"]
[BlackCountry "COL"]
[WhiteElo "1657"]
[WhiteRD "51"]
[BlackElo "1865"]
[BlackRD "61"]
[GameID "255390"]

1. c4 Nf6 2. Nc3 e6 3. e4 d5 4. e5 Ne4 5. Nxe4 dxe4 6. Qg4 Nc6 7. Qxe4 Bc5 8. Nf3 Nd4 9. Bd3 Nxf3+ 10. Qxf3 Qd4
11. Qe2 Bd7 12. O-O Bc6 13. Rb1 O-O 14. b4 Rfd8 15. Bc2 Be7 16. d3 b6 17. Bb2 Qd7 18. b5 Bb7 19. Rfd1 a6 20. a4 axb5
21. cxb5 c6 22. d4 Qd5 23. f3 Qd7 24. Qe4 g6 25. Qe3 cxb5 26. axb5 Qxb5 27. Bc3 Qc6 28. Be4 Qc7 29. Bxb7 Qxb7 30. Rb3 b5
31. Rdb1 Rd5 32. Qd3 Rb8 33. f4 Qb6 34. g3 b4 35. Ba1 Qa5 36. Bc3 Rdd8 37. Bd2 f6 38. Qe3 Rxd4 39. exf6 Bxf6 40. Qxe6+ Kg7
41. Be3 Rdd8 42. g4 Qa2 43. g5 Bc3 44. Rc1 Kh8 45. Bc5 Re8 46. Qc4 Qd2 47. Rbxc3 Re1+ 48. Rxe1 Qxe1+ 49. Kg2 Qd2+ 50. Kh3 Qxc3+
51. Qxc3+ bxc3 52. Bd4+ Kg8 53. Kg4 c2 54. Be3 Rb1 55. h4 c1=Q 56. Bxc1 Rxc1
0-1

[Event "Matterhorn Challenge"]
[Site "SchemingMind.com"]
[Date "2010.07.23"]
[Round "-"]
[White "PStuart"]
[Black "XTC"]
[Result "1/2-1/2"]
[WhiteCountry "USA"]
[BlackCountry "COL"]
[WhiteElo "1786"]
[WhiteRD "61"]
[BlackElo "1865"]
[BlackRD "61"]
[GameID "255391"]

1. d4 Nf6 2. Nf3 d5 3. c3 Bf5 4. e3 Nc6 5. Bd3 Bxd3 6. Qxd3 e6 7. O-O Bd6 8. Nbd2 O-O 9. e4 Bf4 10. e5 Nd7
11. Nb3 Bxc1 12. Raxc1 a6 13. Rfe1 b5 14. Re3 f6 15. exf6 Rxf6 16. Rce1 Nf8 17. Nc5 Qd6 18. Qe2 Nd8 19. Ng5 Qf4 20. Ngxe6 Ndxe6
21. Nxe6 Nxe6 22. Rxe6 Raf8 23. Rxf6 Rxf6 24. Qe3 Qxe3 25. Rxe3 Kf7 26. Re5 c6 27. g3 Rf3 28. Kg2 Rd3 29. Re2 a5 30. Rc2 Kf6
31. Kf1 Rd1+ 32. Ke2 Rh1 33. h4=
1/2-1/2

[Event "Matterhorn Challenge"]
[Site "SchemingMind.com"]
[Date "2010.07.23"]
[Round "-"]
[White "kifosi"]
[Black "XTC"]
[Result "1/2-1/2"]
[WhiteCountry "DEN"]
[BlackCountry "COL"]
[WhiteElo "1774"]
[WhiteRD "73"]
[BlackElo "1865"]
[BlackRD "61"]
[GameID "255412"]

1. e4 c5 2. Nf3 b6 3. Nc3 e6 4. d4 cxd4 5. Nxd4 Bb7 6. Bd3 Bb4 7. Bd2 Nc6 8. Nxc6 dxc6 9. a3 Be7 10. O-O Nf6
11. Re1 e5 12. f3 Nd7 13. Be3 O-O 14. Qe2 Qc7 15. Rad1 a5 16. Qf2 Rad8 17. Bc4 b5 18. Ba2 b4 19. axb4 axb4 20. Nb1 Ra8
21. Bc4 c5 22. c3 Rfd8 23. cxb4 cxb4 24. Rc1 Qd6 25. Red1 Qg6 26. Bb5 Nf8 27. Rxd8 Rxd8 28. Nd2 Bg5 29. Nc4 Qh6 30. Bxg5 Qxg5
31. Qe3=
1/2-1/2

[Event "Matterhorn Challenge"]
[Site "SchemingMind.com"]
[Date "2010.07.27"]
[Round "-"]
[White "kifosi"]
[Black "Nut"]
[Result "1/2-1/2"]
[WhiteCountry "DEN"]
[BlackCountry "USA"]
[WhiteElo "1858"]
[WhiteRD "73"]
[BlackElo "1914"]
[BlackRD "70"]
[GameID "255413"]

1. e4 e5 2. f4 exf4 3. Nf3 g5 4. Bc4 g4 5. O-O Qe7 6. Nc3 gxf3 7. d4 Nc6 8. Nd5 Qg5 9. Nxc7+ Kd8 10. Rxf3 Nf6
11. Bxf4 Qg6 12. Nxa8 d6 13. e5 Ne4 14. exd6 Bg4 15. Bd3 Rg8 16. Qf1 Bxf3 17. Qxf3 f5 18. Bc4 Rg7 19. Rd1 Bxd6 20. Bxd6 Nxd6
21. Bd5 Kc8 22. Bxc6 bxc6 23. Qxc6+ Kb8 24. Rd3 Nb7 25. Rc3 Qxc6 26. Rxc6 Nd8 27. Rd6 Nb7 28. Rc6 Nd8 29. Rd6 Nb7 30. Rf6 Rd7
31. c3 Kxa8 32. Rxf5 Nd6 33. Rd5 Kb7 34. c4 Kc6 35. Re5 Rf7 36. b4 Kd7 37. c5 Nc4 38. c6+ Kd6 39. Rc5 Ne3 40. h3 Rf1+
41. Kh2 Nd5 42. Kg3 Nc7 43. a3 Ra1 44. Kf3=
1/2-1/2

[Event "Matterhorn Challenge"]
[Site "SchemingMind.com"]
[Date "2010.07.25"]
[Round "-"]
[White "kifosi"]
[Black "Negrito19"]
[Result "1-0"]
[WhiteCountry "DEN"]
[BlackCountry "ARG"]
[WhiteElo "1927"]
[WhiteRD "74"]
[BlackElo "1569"]
[BlackRD "72"]
[GameID "255414"]

1. d4 d5 2. c4 e6 3. Nf3 Nf6 4. Nc3 Bb4 5. cxd5 exd5 6. Bg5 h6 7. Bh4 g5 8. Bg3 Nc6 9. e3 Bg4 10. Be2 Ne4
11. Qc2 h5 12. h3 Nxg3 13. fxg3 Be6 14. O-O g4 15. Ne5 Nxe5 16. dxe5 gxh3 17. Qa4+ c6 18. Qxb4 h4 19. Qxb7 Rb8 20. Qxc6+ Bd7
21. Qxd5 Rh7 22. Bh5 Be6 23. Qxd8+ Rxd8 24. g4 hxg2 25. Kxg2 Rd2+ 26. Rf2 Rd3 27. Kf3 Bd5+ 28. Ke2 Bc4 29. Kf3 Ke7 30. a3 Rh6
31. Rd1 Rxd1 32. Nxd1 f6 33. exf6+ Rxf6+ 34. Kg2 Bd5+ 35. Kh3 Re6 36. Kxh4 Bb3 37. Nc3 Rxe3 38. Re2 Rxe2 39. Nxe2 Bd1 40. g5 Kf8
41. g6 Kg7 42. Kg5 a5 43. b4 axb4 44. axb4 Ba4 45. Nd4 Be8 46. b5 Bd7 47. b6 Bc8 48. Nc6 Bb7 49. Nd8 Ba6 50. b7 Bxb7
51. Nxb7 Kh8 52. Kh6 Kg8 53. Be2 Kh8 54. g7+ Kg8 55. Bc4#
1-0

[Event "Matterhorn Challenge"]
[Site "SchemingMind.com"]
[Date "2010.07.23"]
[Round "-"]
[White "kifosi"]
[Black "kwabena"]
[Result "1-0"]
[WhiteCountry "DEN"]
[BlackCountry "ENG"]
[WhiteElo "1774"]
[WhiteRD "73"]
[BlackElo "1527"]
[BlackRD "72"]
[GameID "255415"]

1. c4 c6 2. e4 e6 3. d4 d5 4. Nc3 Nf6 5. e5 Nfd7 6. Nf3 a6 7. a4 dxc4 8. Bxc4 Qc7 9. O-O Nb6 10. Bd3 c5
11. dxc5 Bxc5 12. Re1 O-O 13. Qc2 Nc6 14. Bxh7+ Kh8 15. Bd3 Rd8 16. Qe2 Nd7 17. Qe4 g6 18. Bg5 Be7 19. Qh4+ Kg8 20. Bxe7 Nxe7
21. Qxe7 Qb6 22. Ng5 Rf8 23. Bxg6 Qc5 24. Bxf7+ Kh8 25. Re4 Qxe7 26. Rh4+ Kg7 27. Rh7#
1-0

[Event "Matterhorn Challenge"]
[Site "SchemingMind.com"]
[Date "2010.07.23"]
[Round "-"]
[White "kifosi"]
[Black "Clive Everill"]
[Result "1-0"]
[WhiteCountry "DEN"]
[BlackCountry "CZE"]
[WhiteElo "1812"]
[WhiteRD "72"]
[BlackElo "1649"]
[BlackRD "50"]
[GameID "255416"]

1. e4 Nc6 2. Nf3 f5 3. exf5 d5 4. Bb5 Qd6 5. Bxc6+ bxc6 6. d4 Bxf5 7. O-O e6 8. Ne5 Nf6 9. c3 Be7 10. Nd2 O-O
11. Ndf3 Ne4 12. g4 Bg6 13. Nxg6 hxg6 14. Ne5 Kh7 15. f3 Ng5 16. Qd3 Nh3+ 17. Kg2 Nf4+ 18. Bxf4 Rxf4 19. Nxg6 Rf6 20. Nxe7+ g6
21. g5 Qxe7 22. gxf6 Qxf6 23. Rg1 Rb8 24. b4 Kg7 25. Rae1 Rh8 26. Kh1 Rh3 27. Rg3 Rh5 28. Reg1 Kf7 29. Qxg6+ Qxg6 30. Rxg6 Ke7
31. R1g4 Rf5 32. Kg2 Kd6 33. Kg3 Rf8 34. f4
1-0

[Event "Matterhorn Challenge"]
[Site "SchemingMind.com"]
[Date "2010.07.23"]
[Round "-"]
[White "kifosi"]
[Black "PStuart"]
[Result "1/2-1/2"]
[WhiteCountry "DEN"]
[BlackCountry "USA"]
[WhiteElo "1774"]
[WhiteRD "73"]
[BlackElo "1786"]
[BlackRD "61"]
[GameID "255417"]

1. d4 d5 2. c4 c6 3. Nf3 Bf5 4. Nc3 e6 5. Qb3 Qc8 6. Bf4 Nf6 7. e3 Be7 8. Be2 Nbd7 9. O-O h6 10. h3 O-O
11. Rac1 Nb6 12. c5 Nbd7 13. Rfd1 Ne4 14. Nxe4 Bxe4 15. Nd2 Nf6 16. Bd3 Bxd3 17. Qxd3 Re8 18. b4 Nd7 19. a3 Bf6 20. Nf3= e5
21. dxe5 Nxe5 22. Nxe5 Bxe5 23. Bxe5 Rxe5 24. Re1 Qe6 25. Rcd1 Re8 26. Qc2 Rg5 27. Kh2 Qg6 28. Qxg6 Rxg6 29. Rd4 Rge6 30. g3 a6=
1/2-1/2

[Event "Matterhorn Challenge"]
[Site "SchemingMind.com"]
[Date "2010.07.24"]
[Round "-"]
[White "XTC"]
[Black "kifosi"]
[Result "1-0"]
[WhiteCountry "COL"]
[BlackCountry "DEN"]
[WhiteElo "1865"]
[WhiteRD "61"]
[BlackElo "1774"]
[BlackRD "73"]
[GameID "255418"]

1. e4 c5 2. Nc3 Nc6 3. Nge2 g6 4. d4 cxd4 5. Nxd4 Bg7 6. Nde2 Nf6 7. g3 d5 8. exd5 Nxd5 9. Qxd5 Bf5 10. Bg2 Bxc2
11. Qxd8+ Rxd8 12. O-O O-O 13. Bxc6 bxc6 14. Be3 Bd3 15. Rfe1 a6 16. Bc5 Rfe8 17. Nf4 Bb5 18. Rxe7
1-0

[Event "Matterhorn Challenge"]
[Site "SchemingMind.com"]
[Date "2010.07.27"]
[Round "-"]
[White "Nut"]
[Black "kifosi"]
[Result "1/2-1/2"]
[WhiteCountry "USA"]
[BlackCountry "DEN"]
[WhiteElo "1907"]
[WhiteRD "69"]
[BlackElo "1812"]
[BlackRD "72"]
[GameID "255419"]

1. e4 c5 2. Nf3 d6 3. d4 cxd4 4. Nxd4 Nf6 5. Nc3 Nc6 6. Bg5 e6 7. Qd2 a6 8. O-O-O Be7 9. f4 Nxd4 10. Qxd4 b5
11. Kb1 Bb7 12. Bd3 O-O 13. Rhe1 h6 14. Bh4 Qc7 15. e5 dxe5 16. fxe5 Rfd8 17. Qg1 Nd5 18. Nxd5 Bxd5 19. Bxe7 Qxe7 20. Qf2 b4
21. Qf4 a5 22. Re3 Qg5 23. Qxg5 hxg5 24. Rg3 f6 25. exf6 gxf6 26. h4 Kf7 27. hxg5 fxg5 28. Rf1+ Ke7 29. Rxg5 Rg8 30. Rxg8 Rxg8
31. Rg1 Rxg2=
1/2-1/2

[Event "Matterhorn Challenge"]
[Site "SchemingMind.com"]
[Date "2010.07.27"]
[Round "-"]
[White "Negrito19"]
[Black "kifosi"]
[Result "0-1"]
[WhiteCountry "ARG"]
[BlackCountry "DEN"]
[WhiteElo "1569"]
[WhiteRD "72"]
[BlackElo "1927"]
[BlackRD "74"]
[GameID "255420"]

1. e4 e5 2. f4 d5 3. exd5 c6 4. fxe5 Qh4+ 5. g3 Qe4+ 6. Qe2 Qxh1 7. Nf3 Bg4 8. Nc3 Qxf3 9. Qxf3 Bxf3 10. dxc6 Nxc6
11. Bb5 a6 12. Bxc6+ Bxc6 13. d4 Bb4 14. Bd2 Bxc3 15. Bxc3 f6 16. O-O-O O-O-O 17. exf6 Nxf6 18. Ba5 Rde8 19. b3 Re2 20. h3 Be4
21. Rd2 Rxd2 22. Bxd2 Kd7 23. a3 b5 24. Kb2 Rc8 25. c3 Nd5 26. h4 a5 27. c4 bxc4 28. Bxa5 cxb3 29. Kxb3 Kc6 30. g4 g6
31. a4 Ne3 32. g5 Ra8 33. Bb4 Bc2+ 34. Kc3 Bxa4 35. Kd3 Nf5 36. Bc5 Rd8 37. Ke4 Bc2+ 38. Ke5 Nxd4 39. Bxd4 Rd5+ 40. Kf6 Rxd4
41. Kg7 Rxh4 42. Kf6 Kd6 43. Kf7 Ke5 44. Kg7 Ke6 45. Kh8 h5 46. gxh6 Ra4 47. h7 g5 48. Kg7 Bxh7 49. Kxh7 Kf6 50. Kg8 Ra7
0-1

[Event "Matterhorn Challenge"]
[Site "SchemingMind.com"]
[Date "2010.07.24"]
[Round "-"]
[White "kwabena"]
[Black "kifosi"]
[Result "0-1"]
[WhiteCountry "ENG"]
[BlackCountry "DEN"]
[WhiteElo "1549"]
[WhiteRD "77"]
[BlackElo "1858"]
[BlackRD "73"]
[GameID "255421"]

1. d4 c5 2. c3 e6 3. a3 b6 4. Bf4 Bb7 5. e3 Nf6 6. h3 h6 7. b4 cxd4 8. cxd4 Be7 9. Nf3 O-O 10. Be2 Nc6
11. Qc2 Rc8 12. Qb3 Nd5 13. Bh2 Ba8 14. O-O Nf6 15. Nc3 d5 16. Nb5 a6 17. Nc7 a5 18. Nxa8 Rxa8 19. b5 Na7 20. a4 Bd6
21. Bxd6 Qxd6 22. Rac1 Rfc8 23. Ne5 Nd7 24. Nd3 g6= 25. Rc2 Rxc2 26. Qxc2 Rc8 27. Qb3 g5 28. Rc1 Rxc1+ 29. Nxc1 Qc7 30. Nd3 f6
31. g4 Kf7 32. Kg2 Nc8 33. f4 Nd6 34. Qb1 Ne4 35. Nf2 Qb7 36. Bd3 Nxf2 37. Kxf2 gxf4 38. exf4 Qc7 39. Kf3 Qc3 40. Qc2 Qxd4
41. Bg6+ Ke7 42. Bd3 e5 43. Qe2 e4+ 44. Kg3 Qxd3+ 45. Qxd3 exd3 46. Kf2 Kd6 47. Ke3 Nc5 48. Kd2 Nxa4 49. Kxd3 Kc5 50. h4 Nb2+
51. Kc3 Nc4 52. g5 fxg5 53. fxg5 hxg5 54. hxg5 Ne5
0-1

[Event "Matterhorn Challenge"]
[Site "SchemingMind.com"]
[Date "2010.07.23"]
[Round "-"]
[White "Clive Everill"]
[Black "kifosi"]
[Result "0-1"]
[WhiteCountry "CZE"]
[BlackCountry "DEN"]
[WhiteElo "1649"]
[WhiteRD "50"]
[BlackElo "1812"]
[BlackRD "72"]
[GameID "255422"]

1. c4 e5 2. Nc3 Nc6 3. Nf3 Nf6 4. e4 Bb4 5. d3 O-O 6. g3 d6 7. Bg2 Nd4 8. Nxd4 exd4 9. a3 Ba5 10. b4 dxc3
11. bxa5 c6 12. Qa4 d5 13. cxd5 cxd5 14. e5 Re8 15. d4 Bf5 16. O-O Ne4 17. f3 Ng5 18. g4 Bd3 19. Rd1 Be2 20. Re1 Nxf3+
21. Kf2 Nxe1 22. Kxe1 Bxg4 23. Qb3 Qxa5 24. Bxd5 Be6 25. Bxe6 Rxe6 26. Qxb7 Rd8 27. Qe4 c2+ 28. Ke2 Qc3 29. Ra2 Qc4+ 30. Kf3 Qxa2
31. h4 Qd5
0-1

[Event "Matterhorn Challenge"]
[Site "SchemingMind.com"]
[Date "2010.07.24"]
[Round "-"]
[White "PStuart"]
[Black "kifosi"]
[Result "1/2-1/2"]
[WhiteCountry "USA"]
[BlackCountry "DEN"]
[WhiteElo "1786"]
[WhiteRD "61"]
[BlackElo "1774"]
[BlackRD "73"]
[GameID "255423"]

1. d4 Nf6 2. Nf3 g6 3. Bf4 Bg7 4. e3 O-O 5. Be2 c5 6. c3 b6 7. O-O Bb7 8. Nbd2 cxd4 9. exd4 d6 10. h3 Nbd7
11. Bc4 d5 12. Bb3 e6 13. Re1 Bc6 14. Ne5 Nxe5 15. Bxe5 Ne4 16. Nf3 Rc8 17. Bc2 Nd6 18. Qe2 Nc4= 19. Bxg7 Kxg7 20. Bd3 Bb7
21. Ne5 Nxe5 22. Qxe5+ Kg8 23. Re3 Qc7 24. Rae1 Qxe5 25. Rxe5 Rc7 26. R1e2=
1/2-1/2